000 00465pab a2200145 454500
008 180718b2003-2004 xxu||||| |||| 00| 0 eng d
100 _aDash, Jitendra Narayan
245 _aHigher secondary vocational education in Orissa: an outline
260 _c2003-2004
300 _ap.286-94.
650 _aHigher education
650 _aVocational education
773 _aJournal of Indian Institute of Public Administration (Orissa Regional Branch)
909 _a62081
999 _c62081
_d62081